Word Ladder: Cartel Climber Quiz Stats

 Plays Quiz Updated Sep 1, 2017

Score 0/26 Timer 03:00
0 Plays Today
Hint 4-Letter Word % Correct
☮ '___ OF THE FLIES' ☮☮ LORD ☮
96.5%
☮ HAND OUT POKER CARDS ☮☮ DEAL ☮
94.5%
'I Triple Dog ___ you!'DARE
94.2%
Close a door in angerSLAM
94.2%
Lawn tunneling animalMOLE
92.9%
AdditionalMORE
92.3%
PC brandDELL
91.4%
Traditional knowledgeLORE
91.1%
Chip's cartoon partnerDALE
89.4%
Study at the last minuteCRAM
89.4%
Close up with a red wax signetSEAL
88.7%
ConcernCARE
88.6%
Chowder cooked bivalveCLAM
88.6%
Hint 4-Letter Word % Correct
Porcine shorteningLARD
88.3%
Playing, greeting, or business, e.g.CARD
88%
Cloth overlapSEAM
86.1%
Editing mark indicating removalDELE
83.5%
Is not optionalMUST
82.2%
☮ 'FRANCIS THE TALKING ___' ☮☮ MULE ☮
80.4%
Inspiring goddessMUSE
77.1%
Top-shelfBEST
73.4%
☮ HALL OF FAME BRONZE ☮☮ BUST ☮
73%
☮ TRIAL ☮☮ TEST ☮
64.3%
Apothecary weightDRAM
62.6%
Cross-dressing styleDRAG
59.4%
☮ COMMON BOND ☮☮ DRUG ☮
32.2%

Today's Daily Dose

Missing Word
Louisiana A-Z

Word Ladder
Cincinnati Reds

Quick Pick
Jason Speaks!

Get the Picture
NBA vs NCAA

You're not logged in!

Compare scores with friends on all Sporcle quizzes.
OR
Log In

Sporcle TV

Today on Sporcle TV


Watch our educational content, quiz creation guides, and fun videos on Sporcle TV.

Show Comments

Extras

Top Quizzes Today


Score Distribution

Your Account Isn't Verified!

In order to create a playlist on Sporcle, you need to verify the email address you used during registration. Go to your Sporcle Settings to finish the process.

Report this User

Report this user for behavior that violates our Community Guidelines.

Details: